| 000 | 00498nam a22001817a 4500 | ||
|---|---|---|---|
| 005 | 20151023111950.0 | ||
| 010 | _aENG-113948 | ||
| 020 |
_c150.00 _a9789350450673 |
||
| 035 | _aEN-97480 | ||
| 037 |
_bDBAD/PUB _adpl |
||
| 082 | _a881 | ||
| 100 | _aPankajam, K. | ||
| 245 |
_aWhispering waves / _cby K. Pankajam |
||
| 260 |
_aCalcutta _bWriters Workshop _c2013 |
||
| 270 |
_a162/92, Late Garden, _bCalcutta _e700045 |
||
| 300 |
_a64p. _c22cm(Hb) |
||
| 942 |
_2ddc _cEN _mPAN _h881 |
||
| 999 |
_c96533 _d96533 |
||